Linear algebra

Αποθηκεύτηκε σε:
Λεπτομέρειες βιβλιογραφικής εγγραφής
Κύριος συγγραφέας: Greub, Werner Hildbert 1925-
Μορφή: Βιβλίο
Γλώσσα:English
Δημοσίευση: New York : Springer-Verlag, c1981
Έκδοση:4th ed.
Σειρά:Graduate texts in mathematics ; ; 23
Θέματα:
Ετικέτες: Προσθήκη ετικέτας
Δεν υπάρχουν, Καταχωρήστε ετικέτα πρώτοι!

MARC

LEADER 00000cam a2200000 i 4500
001 1/30082
008 941103s1981 eng d
020 |a 0387901108 
035 |l 10038480 
035 |a 1993 
040 |a GR-MY-UA  |b gre  |e aacr 
041 0 |a eng 
082 0 |a 512.5 
100 1 |a Greub, Werner Hildbert  |d 1925- 
245 1 0 |a Linear algebra /  |c [by] Werner Greub 
250 |a 4th ed. 
260 |a New York :   |b Springer-Verlag,   |c c1981 
300 |a xvi, 451 p;  |c 24 cm 
490 1 |a Graduate texts in mathematics  |v ; 23 
504 |a Bibliography: p. [445]-446 
650 0 0 |a Algebras, Linear. 
830 0 |a Graduate texts in mathematics ;  |v ; 23 
852 |a INST  |b SAMOS  |e 19941103  |h 512.5 GRE  |p 005300007583  |q 005300007583  |t BK  |y 0 
909 |a Σ  |b 029348